| 000 | 00553nam a2200181Ia 4500 | ||
|---|---|---|---|
| 999 |
_c14744 _d14744 |
||
| 003 | OSt | ||
| 005 | 20201027110830.0 | ||
| 008 | 190216s9999||||xx |||||||||||||| ||und|| | ||
| 020 | _a9780199597130 | ||
| 040 | _coclc | ||
| 082 |
_a823.095 _bGOP/I |
||
| 100 |
_aGopal, Priyamvada _95784 |
||
| 245 | 4 |
_aThe Indian English Novel : _bNation, History and Narration / _cPriyamvada Gopal |
|
| 260 |
_bOxford University Press, _c2009. _adelhi: |
||
| 300 | _a209p | ||
| 650 | _aEnglish | ||
| 942 |
_cBK _2ddc _h823.095 _iGOP/I _k823.095 _mGOP/I |
||